| 000 | 01240nam a22002417a 4500 | ||
|---|---|---|---|
| 005 | 20100602101919.0 | ||
| 008 | 100602t xxu||||| |||| 00| 0 hin d | ||
| 010 | _aHIN-89460 | ||
| 020 |
_c300.00 _a8181291999 |
||
| 035 | _aHN-61806 | ||
| 037 | _bDBAD / PUB | ||
| 040 |
_aDPL _bHN |
||
| 082 | _a920 | ||
| 245 |
_aश्यामसुन्दरदास और पीताम्बरदत्त बडथ्वाल कृत गोस्वामी तुलसीदास / _cरामअवध शास्त्री द्वारा संपादित |
||
| 246 |
_aShymsunderdas aur Peetambardasdatt Badthwal krit Goswami Tulsidas/ _bed. by Ramavadh Shastry |
||
| 260 |
_aनई दिल्ली _bनमन प्रकाशन _c2009 |
||
| 270 |
_a4231/1, अंसारी रोड, दरियागंज _bनई दिल्ली _e110002 _k23247003 |
||
| 300 |
_a184पृ _c22सेमी (सजिल्द) |
||
| 650 |
_aजीवनी _921163 |
||
| 700 |
_aरामअवध शास्त्री _921164 |
||
| 942 |
_2ddc _cHN _mतुलसी |
||
| 999 |
_c36485 _d36485 |
||